| 000 | 00580nam a22002057a 4500 | ||
|---|---|---|---|
| 003 | OSt | ||
| 005 | 20251127082735.0 | ||
| 008 | 220830b |||||||| |||| 00| 0 eng d | ||
| 020 | _a978-1-4082-3087-9 | ||
| 040 | _cIFM Library | ||
| 082 | _a657.9 676 | ||
| 100 |
_aWood, Frank _95666 |
||
| 245 | _aPrinciples of Accounts for East Africa: Students' Book | ||
| 250 | _a2nd | ||
| 260 |
_aHarlow: _bPearson Education, _c2011 |
||
| 300 |
_aiiii, 372p.: _bill;27cm |
||
| 500 | _aIncludes Index | ||
| 700 |
_aKamasanyu Diana, Magati Peter, Basil Bakama _95667 |
||
| 942 |
_cBK _2ddc _n0 |
||
| 999 |
_c20768 _d20768 |
||